| 000 | 00643cam a2200205 a 4500 | ||
|---|---|---|---|
| 003 | LC | ||
| 005 | 20160603153154.0 | ||
| 008 | 110831s2011 vau b 001 0 eng | ||
| 010 | _a2011034270 | ||
| 020 | _a9781416613688 (pbk.) | ||
| 050 | 0 | 0 |
_aLB 2805 _b.S7457 2011 |
| 100 | 1 | _aSterrett, William. | |
| 245 | 1 | 0 |
_aInsights into action : _bsuccessful school leaders share what works / _cWilliam Sterrett. |
| 260 |
_aAlexandria, Va. : _bASCD, _cc2011. |
||
| 300 |
_axii, 130 p. ; _c23 cm. |
||
| 650 | 0 | _aEducational leadership. | |
| 650 | 0 | _aSchool management and organization. | |
| 650 | 0 | _aSchool improvement programs. | |
| 942 |
_2lcc _cBK |
||
| 999 |
_c288961 _d288961 |
||